| 000 | 01242nab a22002297a 4500 | ||
|---|---|---|---|
| 999 |
_c5319 _d5319 |
||
| 003 | OSt | ||
| 005 | 20260115184435.0 | ||
| 008 | 190605e xxu||||| |||| 00| 0 spa d | ||
| 040 | _cPJ | ||
| 100 |
_96367 _aBalbín, A. Nicolás |
||
| 245 | 1 | 0 |
_aReglamentación de la Ley Bases. El Sistema de Cese Laboral y la indemnización por despido injustificado /
_cA. Nicolás Balbín. |
| 300 | _ap. 5-14 | ||
| 500 | _aCita Online: AR/DOC/3128/2024. | ||
| 505 | _aSumario: I. Introducción.— II. La indemnización por despido injustificado antes de Bases: análisis elemental.— III. Los nuevos institutos creados y alguna de sus características.— IV. Apreciaciones acerca de los institutos incorporados en la reglamentación de Bases, respecto a la indemnización del art. 245 de la LCT.— V. Palabras finales | ||
| 505 | _t¿Te interesa el texto completo? Solicitalo al correo: koha@justierradelfuego.gov.ar | ||
| 650 | 0 |
_91316 _aDERECHO LABORAL |
|
| 650 | 0 |
_91323 _aCONTRATO DE TRABAJO |
|
| 650 | 0 |
_91533 _aDESPIDO |
|
| 650 | 0 |
_91534 _aINDEMNIZACION POR DESPIDO |
|
| 773 | 0 |
_02711 _93168 _dCiudad Autónoma de Buenos Aires : Thomson Reuters La Ley, 1999-2002. _tRevista de derecho del trabajo. Nº 1 - Enero 2025 |
|
| 942 |
_2udc _cANA |
||